| 000 | 00598nam a2200241 a 4500 | ||
|---|---|---|---|
| 001 | nice12345678 | ||
| 003 | IN_TiNIC | ||
| 005 | 20260116011325.0 | ||
| 008 | 050524s1954 dela grp 000 0 urd | ||
| 020 |
_a _c1.5 |
||
| 082 | 0 | 0 |
_a297.52 _bREH |
| 100 | _aRehmani, Abdus Samad | ||
| 245 | _aNamaaz Ki Baatein | ||
| 260 |
_aDelhi _bDeeni Book Depo, _c1954 |
||
| 300 | _a160p | ||
| 500 | _aincludes index and biblioraphy | ||
| 505 | 2 | _ascn book club study project.3 | |
| 650 | _aIslam-Prayers-Hadith | ||
| 700 | 1 | _aRehmani, Abdus Samad | |
| 902 | _bSRS | ||
| 942 | _cBK | ||
| 999 |
_c514 _d514 |
||